MARC

LEADER 00000nam0a2200000 4500
001 297668
005 20231102001029.0
010 |b 1000 экз. 
035 |a (RuTPU)RU\TPU\book\322802 
090 |a 297668 
100 |a 20150610d1945 k y0rusy50 ca 
101 0 |a rus 
102 |a RU 
105 |a a z 000zy 
200 1 |a Сборник научно-исследовательских работ. Вып. 9  |f НКЧМ СССР ; Восточный научно-исследовательский институт топливоиспользования ВНИИТ ; под ред. А. В. Кавадерова 
210 |a Свердловск  |a Москва  |c Государственное научно-техническое издательство по черной и цветной металлургии  |d 1945 
215 |a 183 с.  |c ил. 
316 |5 63413507: М-133657  |a На обложке и титульном листе владельческая подпись: "Бутаков" 
317 |5 63413507: М-133657  |a Поступила в НТБ в 1970 г. в составе книжного собрания профессора ТПИ И. Н. Бутакова 
606 1 |a Топливные ресурсы  |2 stltpush  |3 (RuTPU)RU\TPU\subj\32996  |9 55364 
610 1 |a топливо 
610 1 |a экономия 
610 1 |a местное топливо 
610 1 |a тепловые агрегаты 
610 1 |a эффективная эксплуатация 
610 1 |a топливные отходы 
610 1 |a научно-исследовательские работы 
610 1 |a владельческая надпись 
610 1 |a библиотека И. Н. Бутакова 
675 |a 662.6  |v 4 
702 1 |a Кавадеров  |b А. В.  |4 340 
712 0 1 |a СССР  |b Министерство черной металлургии (Минчермет)  |c (1946-1989)  |2 stltpush  |3 (RuTPU)RU\TPU\col\15565 
712 0 2 |a Всесоюзный научно-исследовательский институт металлургической теплотехники (ВНИИМТ)  |c (Екатеринбург)  |c (1956-1991)  |2 stltpush  |3 (RuTPU)RU\TPU\col\18897 
801 1 |a RU  |b 63413507  |c 20150610 
801 2 |a RU  |b 63413507  |c 20190924  |g RCR 
942 |c BK